Quizzes
Events
Quiz Creation
Community
Videos
Private Events
Remove Ads
Sign In
Join for FREE
Feedback
Dark Mode
Quiz Categories
Sports
Geography
Music
Movies
Television
Just For Fun
Miscellaneous
History
Literature
Language
Science
Gaming
Entertainment
Religion
Holiday
For Kids
Quiz Lab
Recent
Popular Today
Quiz Kudos Today
Editor Picks
Curator Picks
Quizzes by...
Day
Popularity
Type
Ratings
Length
Year
Community
Subscriptions
Recent Discussions
Orange Saloon
Badges
Playlists
Quests
Create
Leaderboards
Showdown
Live 5
Trivia Bingo
Activity
Puzzle Library
Sporcle Events
Private Events
Virtual Trivia
Globe League
Become a Host
Pub Owners
SporcleCon
Opinionation
Our Games
Videos
Blog
Mobile Apps
Partnerships
Remove Ads and Go Orange
Feedback
Movies
Disney
Marvel Cinematic Universe
Movie Resume
Movie Titles
Oscar
Actor
Actress
Director
Pixar
Role
Movie Quotes
Movie Characters
Box Office
Nominee
Best Picture
Star Wars
James Bond
Horror Movies
Movies
Disney
Marvel Cinematic Universe
Movie Resume
Movie Titles
Oscar
Actor
Actress
Director
Pixar
Role
Movie Quotes
Movie Characters
Box Office
Nominee
Best Picture
Star Wars
James Bond
Horror Movies
Random Quiz
Search Sporcle
×
Quiz Lab
Quiz Lab
Movies
Disney
Select answers by clicking on text or image buttons
Select answers by clicking on text or image buttons
Clickable
Best Score? Go Orange.
Disney Movies Stats
Can you pick the Disney and Disney-Pixar Movies among the Fakes?
By
michaelsempai
7m
60 Questions
6,272 Plays
6,272 Plays
6,272 Plays
Comments
Comments
Give Quiz Kudos
Give Quiz Kudos
-
- Ratings
hide this ad
Random Order
Randomize order of answers
Randomize order of answers
Replay
Link that replays current quiz
Next Quiz
Link to next quiz in quiz playlist
You Got
0%
They Got
Avg Score
94%
Avg Friend Score
Upgrade to see
Score Distribution
Jump to the score distribution portion of the page
Score
0/60
Timer
07:00
0
Plays Today
% Correct
Snow White and the Seven Dwarfs
95.5%
Cinderella
95.5%
The Lion King
95.4%
Pocahontas
95.4%
Lilo and Stitch
95.4%
Aladdin
95.4%
The Little Mermaid
95.4%
Tarzan
95.3%
Toy Story 3
95.3%
Mulan
95.2%
101 Dalmatians
95.2%
Finding Nemo
95.2%
Dumbo
95.1%
Pinocchio
95.1%
The Princess and the Frog
95.1%
Tangled
95%
Sleeping Beauty
95%
Hercules
95%
Peter Pan
95%
Beauty and the Beast
94.9%
The Jungle Book
94.9%
Lady and the Tramp
94.9%
Toy Story
94.9%
Alice in Wonderland
94.9%
Wall-E
94.9%
The Hunchback of Notre Dame
94.9%
Ratatouille
94.8%
A Bug's Life
94.8%
Cars
94.8%
Cars 2
94.7%
% Correct
Brave
94.7%
Bambi
94.7%
Up
94.6%
Robin Hood
94.5%
The Emperor's New Groove
94.4%
The Incredibles
94.4%
Wreck-It Ralph
94.4%
Bolt
94.4%
Fantasia
94.3%
The Aristocats
94.3%
The Sword in the Stone
94.2%
The Fox and the Hound
94.2%
Monsters Inc
94.2%
Brother Bear
94%
The Rescuers
93.9%
Meet the Robinsons
93.9%
Atlantis: The Lost Empire
93.8%
The Rescuers Down Under
93.7%
The Black Cauldron
93.7%
The Great Mouse Detective
93.7%
Oliver and Company
93.6%
Treasure Planet
93.6%
A Goofy Movie
93.4%
Chicken Little
93.2%
Dinosaur
92.6%
Home on the Range
92.1%
DuckTales: The Movie - Treasure of the Lost Lamp
91.8%
A Christmas Carol
89.9%
Frankenweenie
88%
The Wild
87.9%
Quiz Playlist
Details
Report
Send in Message
Add To Playlist
Clickable:
Select answers by clicking on text or image buttons
Random Order:
Randomize order of answers
Last Updated: Feb 16, 2017
Quiz Scoreboard
CHALLENGE
Sign Up to Join the Scoreboard
Show All
Scores
Hide
Comments
May contain spoilers
Recently Published
Billboard Blitz: Fleetwood Mac
by CooCooCachoo
Music
15s
Presidents Visiting Landmarks
by Hejman
History
7m
An Introduction to Baseball
by treessimontrees
Sports
5m
More to Explore
Quiz From the Vault
Featured Blog Post
Where Did the Easter Bunny Come From?
hide this ad
You Might Also Like...
Tags
Clickable Quiz
Disney Quiz
among
fake
Today's Top Quizzes in Movies
Browse Movies
hide this ad
Today's Top Quizzes in Disney
Browse Disney
Top Contributed Quizzes in Movies
1
Pick 5 Posters: Directed by Spielberg
2
7-to-1: Pixar Characters
3
Pick 5 Posters: Lowest-Rated Spielberg
4
Sorting Actors
5
Pick 5 Posters: Directed by Scorsese
6
Sorting Actresses
7
Pick 5 Posters: Star & Director
8
Pick 5 Posters: Women Directed 2020s
9
12 Movies about Fictional 1960s Events
10
Multi-Oscar Nominations, One Movie, One Winner
Explore More
Trending Topics
Kpop
Disney
Crossword
NBA
Harry Potter
Marvel
Anime
The Office
NFL
Soccer
WWE
Song
Country
Pokémon
Puzzle
hide this ad
More By:
michaelsempai
Quiz
Plays
Rating
Category
Featured
Created
A Very Odd Quiz
193,211
4.00
Just For Fun
Sep 14, 2014
That Isn't a Country!
152,051
4.53
Geography
Nov 23, 2013
Actor-Character Mix II
110,991
4.51
Movies
Jul 27, 2014
Four-Legged Critters
50,270
4.25
Science
Jul 29, 2014
TV Actor-Character Mix
31,367
4.40
Television
Sep 10, 2014
Go to Creator's Profile
Score Distribution
Quiz Creator Spotlight
michaelsempai
Follow
Send a Message
Quizzes Created
-
Created Quiz Play Count
-
More By This Creator
Popular Quizzes Today
1
Find the US States - No Outlines Minefield
2
Find the Countries of Europe - No Outlines Minefield
3
The Countries of the World
4
Find the US States
5
US States
6
Risky Map Clicking: Biggest States A-Z
7
Popular People in 1961
8
Movies - When Are They Set?
More Movies Quizzes
Gene Kelly movies
Curator's Pick
Trending Quizzes
Risky Map Clicking: Least Populous States A-Z
1-10 Letter G Words
1-10 Letter F Words
Risky Map Clicking: Next State Alphabetically
Risky Map Clicking: Biggest States A-Z
Recently Updated
Leaping Animals
pecheneg
Reality TV Shows (A-Z)
bhenderson79
Rickey Henderson's Hall of Fame Teammates
pecheneg
Champions League XIs: Arsenal
pecheneg
Quick Pick: Celebrities in WWE's Hall of Fame
aduchscher
A-Z Keypad Blitz II
pecheneg
Multiple Oscar Actors
pecheneg
Mystery Phrase Blitz: Oscar 'Best Actors'
pecheneg
F. Scott Fitzgerald Novels
LTH
Pick 3 Villains
ddd62291
Trending Topics
Harry Potter
NBA
Crossword
Anime
Disney
Kpop
Marvel
NFL
Pokémon
Country
Puzzle
WWE
Soccer
The Office
Song
Your Account Isn't Verified!
In order to create a playlist on Sporcle, you need to verify the email address you used during registration. Go to your
Sporcle Settings
to finish the process.
Report this User
Report this user for behavior that violates our
Community Guidelines
.
Details:
Send Report
Go to the Sporcle.com Mobile Site →
Comments